[Event "London P&D Knights"]
[Site "London"]
[Date "1984.??.??"]
[Round "5"]
[White "Johansen, Darryl K"]
[Black "McNab, Colin Anderson"]
[Result "1/2-1/2"]
[WhiteElo "2475"]
[BlackElo "2375"]

1.d4 d6 2.e4 g6 3.Nc3 Bg7 4.Be3 c6 5.Qd2 Nd7 6.Nf3 Ngf6 7.h3 b5 8.Bd3 e5
9.O-O O-O 10.dxe5 dxe5 11.Rfd1 Qe7 12.Ne2 Nb6 13.Qa5 Nfd7 14.Ng3 Re8 15.b3 Nc5
16.a3 Bf8 17.Be2 Qc7 18.a4 Nd5 19.Qxc7 Nxc7 20.Bd2 bxa4 21.b4 Nd7 22.Rxa4 f6
23.Rda1 a6 24.c4 c5 25.b5 Nb6 26.R4a3 axb5 27.Rxa8 Ncxa8 28.cxb5 c4 29.Bxc4+ Nxc4
30.Rxa8 Bd7 31.Ra6 Bxb5 32.Ra7 Bc5 33.Ra1 Nxd2 34.Nxd2 Rd8 35.Ndf1 h5 36.h4 Bd4
37.Rb1 Bd3 38.Rd1 Ba6 39.Ne3 Rb8 40.Rd2 Rb3 41.Kh2 Bxe3 42.fxe3 Rxe3 43.Rd6 Bd3
44.Rxf6 Bxe4 45.Nxe4 Rxe4 46.Rxg6+  1/2-1/2

[Event "London P&D Knights"]
[Site "London"]
[Date "1984.??.??"]
[Round "7"]
[White "Large, Peter G"]
[Black "McNab, Colin Anderson"]
[Result "1-0"]
[WhiteElo "2295"]
[BlackElo "2375"]

1.e4 g6 2.d4 d6 3.Nc3 Bg7 4.f4 Nc6 5.Be3 Nf6 6.Nf3 O-O 7.e5 Ng4 8.Bg1 dxe5
9.dxe5 f6 10.h3 Nh6 11.Bc4+ Kh8 12.Qxd8 Rxd8 13.exf6 exf6 14.g4 Re8+ 15.Kf1 Be6
16.Bxe6 Rxe6 17.Rd1 Bf8 18.Nb5 Rc8 19.Rd7 Re7 20.Rxe7 Bxe7 21.Rh2 a6 22.Nbd4 Nxd4
23.Nxd4 Re8 24.Be3 Bd6 25.Re2 Re4 26.f5 Bf4 27.Bf2 Rxe2 28.Kxe2 Be5 29.fxg6 hxg6
30.b3 Kg8 31.Ne6 Nf7 32.Nc5 Nd6 33.Nd3 Kf7 34.Nxe5+ fxe5 35.h4 Ne4 36.Kf3 Nf6
37.c4 Ke6 38.Be3 c6 39.Bg5 Nh7 40.Bh6 Nf6 41.Bg7 Ne8 42.Bh8 b5 43.c5 Kd5
44.h5 gxh5 45.gxh5 Nc7 46.h6 Ne6 47.Bf6 Nf8 48.Bh4 Kd4 49.Bf6 Nh7 50.Be7 Kd3
51.Kg4 e4 52.Kf5 e3 53.Ke6 Nf8+ 54.Kd6 Ng6 55.Bd8 Kc3 56.Ba5+ Kb2  1-0

[Event "London P&D Knights"]
[Site "London"]
[Date "1984.??.??"]
[Round "9"]
[White "Hartoch, Robert G"]
[Black "McNab, Colin Anderson"]
[Result "1/2-1/2"]
[WhiteElo "2355"]
[BlackElo "2375"]

1.e4 g6 2.d4 d6 3.Nc3 Bg7 4.Be3 c6 5.Qd2 Nd7 6.Nf3 Ngf6 7.h3 b5 8.Bd3 e5
9.O-O O-O 10.dxe5 dxe5 11.Ne2 Qe7 12.a4 b4 13.c3 c5 14.cxb4 cxb4 15.Rac1 Rd8
16.Ng3 a5 17.Qe2 Ne8 18.Nd2 Bf6 19.Rfd1 Ng7 20.Bb5 Ne6 21.Nb3 Bg5 22.Rd2 Bxe3
23.Qxe3 Ndf8 24.Nf1 Nf4 25.Rcd1 Be6 26.Nc5 Rxd2 27.Rxd2 Rc8 28.Nd3 Qg5 29.Qg3 Qxg3
30.fxg3 Nxd3 31.Rxd3 Rc1 32.g4 Bc4 33.Bxc4 Rxc4 34.Nd2 Rc2 35.b3 Ne6 36.Nc4 Rc3
37.Nxe5 Nc5 38.Rd8+ Kg7 39.g5 Rxb3 40.h4 f6 41.Nd7 Nxd7  1/2-1/2

[Event "London P&D Knights"]
[Site "London"]
[Date "1984.??.??"]
[Round "11"]
[White "Condie, Mark L"]
[Black "McNab, Colin Anderson"]
[Result "1/2-1/2"]
[WhiteElo "2340"]
[BlackElo "2375"]

1.e4 g6 2.d4 d6 3.Nc3 Bg7 4.Nf3 Nf6 5.Be2 O-O 6.O-O Bg4 7.Be3 Nc6 8.Qd2 e5
9.d5 Ne7 10.Rad1 Bd7  1/2-1/2

[Event "London P&D Knights"]
[Site "London"]
[Date "1984.??.??"]
[Round "12"]
[White "Arkell, Keith C"]
[Black "McNab, Colin Anderson"]
[Result "1/2-1/2"]
[WhiteElo "2295"]
[BlackElo "2375"]

1.e4 g6 2.d4 d6 3.Nc3 Bg7 4.Bc4 Nc6 5.Be3 Nf6 6.f3 e5 7.dxe5 Nxe5 8.Bb3 Be6
9.Nge2 Nc4 10.Bc1 Na5 11.Ba4+ Bd7 12.Bxd7+ Qxd7 13.O-O O-O 14.Nd5 Nc4 15.c3 Nxd5
16.Qxd5 Nb6 17.Qb3 d5 18.Rd1 Qe7 19.Ng3 Rfd8 20.Be3 c5 21.Bf2 d4 22.cxd4 Bxd4
23.Bxd4 Rxd4 24.Rxd4 cxd4 25.Ne2 Rd8 26.Rd1 Qc5 27.Rd3 Nc4 28.Kh1 Ne5 29.Rd1 d3
30.Qc3 b6 31.Nf4 Qxc3 32.bxc3 f5 33.Kg1 fxe4 34.fxe4 Kf7 35.h3 Ke7 36.Kf2 g5
37.Nd5+ Kd6 38.Ke3 Kc5 39.Rf1 Re8 40.Rf5 Kc4 41.Rxg5 Nd7 42.Rg4 Nc5 43.Nf6 Kxc3
44.Rf4 Re6 45.Rf1 d2 46.Nd5+ Kc2 47.Nb4+ Kc3 48.Nd5+ Kb2 49.Kxd2 Rxe4 50.Rf2 Kxa2
51.Kc3+ Ka3 52.Rf7 Na4+ 53.Kc2 Rc4+ 54.Kd3 Nb2+ 55.Ke3 a5 56.Nxb6 Rc2 57.g3 Rc3+
58.Kf4 Nd3+ 59.Ke4 Nc5+ 60.Kd5 Kb4 61.Rxh7  1/2-1/2

[Event "Lugano op"]
[Site "Lugano"]
[Date "1984.??.??"]
[Round "4"]
[White "Belkhodja, Slim"]
[Black "Martin, Andrew D"]
[Result "0-1"]
[WhiteElo "2205"]
[BlackElo "2395"]

1.e4 g6 2.d4 Bg7 3.Nc3 d6 4.Nf3 c6 5.Be3 Nd7 6.Qd2 b5 7.Bd3 Ngf6 8.Bh6 Bxh6
9.Qxh6 e5 10.dxe5 dxe5 11.O-O Qe7 12.Rad1 Bb7 13.Rfe1 a6 14.a4 Qf8 15.Qe3 Qb4
16.Qg5 h6 17.Qc1 Kf8 18.Ne2 Qxa4 19.b3 Qb4 20.Qb2 Qe7 21.Ng3 Nh7 22.Bxb5 cxb5
23.Rxd7 Qxd7 24.Nxe5 Qe6 25.Nxg6+ fxg6 26.Qxh8+ Qg8 27.Qd4 Qe6 28.Qh8+ Qg8
29.Qd4 Qg7 30.Qd6+ Kg8 31.e5 Re8 32.c4 bxc4 33.bxc4 Nf8 34.Ne4 Re6 35.Qd4 Bxe4
36.Qxe4 Qc7 37.f4 a5 38.g4 Rc6 39.Qd5+ Kh7 40.Rb1 a4 41.f5 a3 42.e6 a2 43.Rf1 Rxc4
44.Kh1 Rc1  0-1

[Event "Lugano op"]
[Site "Lugano"]
[Date "1984.??.??"]
[Round "5"]
[White "Kudrin, Sergey"]
[Black "Hort, Vlastimil"]
[Result "0-1"]
[WhiteElo "2520"]
[BlackElo "2615"]

1.e4 g6 2.d4 Bg7 3.Nc3 d6 4.f4 c6 5.Nf3 Bg4 6.Be3 Qb6 7.Qd2 Bxf3 8.gxf3 Nf6
9.O-O-O Qc7 10.Rg1 Nbd7 11.f5 b5 12.Bd3 Nb6 13.e5 dxe5 14.dxe5 Qxe5 15.Rge1 Nbd5
16.Bc5 Qc7 17.Nxd5 Nxd5 18.Be4 O-O-O 19.Bxd5 Rxd5 20.Qe3 Rhd8 21.fxg6 hxg6
22.Rxd5 Rxd5 23.Qxe7 Qxe7 24.Bxe7 Be5 25.h3 Kd7 26.Bf8 Bf4+ 27.Kb1 Bd6 28.Bg7 Rf5
29.Rf1 f6 30.h4 Ke6 31.Rd1 Rxf3 32.a3 Rf4 33.Rg1 Kf7 34.Rd1 Kxg7 35.Rxd6 Rxh4
36.Rxc6 g5 37.Rc5 a6 38.Rc6 g4 39.Re6 g3 40.Re2 Rg4 41.Rg2 f5 42.Kc1 f4 43.Kd1 f3  0-1

[Event "Bayern-ch"]
[Site "Marktredwitz"]
[Date "1984.??.??"]
[Round "?"]
[White "Pichler, Juergen"]
[Black "Blodig, Reinhard"]
[Result "1/2-1/2"]
[WhiteElo "2345"]
[BlackElo "2240"]

1.e4 d6 2.d4 g6 3.Nc3 Bg7 4.Bc4 Nc6 5.Nf3 Nf6 6.Qe2 Bg4 7.e5 Bxf3 8.Qxf3 Nxd4
9.Qxb7 dxe5 10.Bb5+ Nxb5 11.Qxb5+ Qd7 12.Qxe5 O-O 13.O-O Rfd8 14.Qa5 Qc6
15.Bf4 Nd5 16.Nxd5 Rxd5 17.Qa3 Qxc2 18.Qxe7 Qf5 19.Be3 Bxb2 20.Rae1 Be5 21.g3 Qh3
22.Bc1 Bg7 23.Qe4 Rad8 24.Ba3 c5 25.Re2 Bd4 26.Rc2 Qf5 27.Qxf5 Rxf5 28.Kg2 Rc8
29.Rd1 Rd5 30.Rc4 Rcd8 31.Rdc1 Re5 32.R1c2 Rdd5 33.Ra4 Rd7 34.Rac4 Rdd5 35.Ra4 Re7
36.Rac4 Re6 37.Bxc5 Bxc5 38.Rxc5 Rxc5 39.Rxc5 Ra6 40.Rc2 Ra3 41.f3 h5 42.Kf2 Kg7
43.h4 Kf6 44.Re2 Kf5 45.Kg2 g5 46.hxg5 Kxg5 47.Rd2 f6 48.Rd5+ Kg6 49.Rd2 Kf5
50.Re2 Rc3 51.Kf2 Kg5 52.Rb2 Ra3 53.Rd2 f5 54.Rc2 h4 55.gxh4+ Kxh4 56.Rc8 Kg5
57.Rc2 Kf4 58.Rc4+ Kg5 59.Rc2 Kh4 60.Rc8 f4 61.Rg8 Rxa2+ 62.Ke1 Kh3 63.Rg4 Ra4
64.Kd2 a5 65.Kc2 Rb4 66.Kc3 Re4 67.Kb2 a4 68.Ka1 Rd4 69.Ka2 a3 70.Ka1 Ra4
71.Ka2 Kh2 72.Rg8 Rd4 73.Rg4  1/2-1/2

[Event "Bayern-ch"]
[Site "Marktredwitz"]
[Date "1984.??.??"]
[Round "?"]
[White "Pichler, Juergen"]
[Black "Spreng, Simon"]
[Result "1-0"]
[WhiteElo "2345"]
[BlackElo "2320"]

1.d4 g6 2.e4 Bg7 3.Nc3 d6 4.g3 b6 5.Bg2 Bb7 6.Nge2 e6 7.O-O Ne7 8.Bg5 h6
9.Be3 O-O 10.Qd2 Kh7 11.Rad1 Nd7 12.h3 a6 13.g4 Qe8 14.Ng3 Rd8 15.Nce2 c5
16.c3 cxd4 17.cxd4 Rc8 18.Rde1 Rc7 19.Qb4 Rc6 20.d5 exd5 21.exd5 Rc8 22.Bd4 Ne5
23.Qxd6 Rd8 24.Qxb6 Bxd5 25.Nc3 Bxg2 26.Kxg2 Nd5 27.Nxd5 Rxd5 28.Bxe5 Rxe5
29.Rxe5 Qxe5 30.b3 Qd5+ 31.Kh2 Rc8 32.Qe3 Rc2 33.Ne4 Bd4 34.Qf3 Qe5+ 35.Kg2 f5
36.gxf5 gxf5 37.Ng3 f4 38.Qd3+ Kh8 39.Qxc2 Qd5+ 40.Qe4  1-0

[Event "Moscow-ch"]
[Site "Moscow"]
[Date "1984.??.??"]
[Round "?"]
[White "Kholmov, Ratmir D"]
[Black "Belov, Lev A"]
[Result "1-0"]
[WhiteElo "2465"]
[BlackElo "2385"]

1.e4 g6 2.d4 Bg7 3.Nc3 d6 4.f4 Nc6 5.Be3 Nf6 6.Nf3 O-O 7.Bb5 a6 8.Bxc6 bxc6
9.h3 Rb8 10.Rb1 Bb7 11.Qd3 Qd7 12.O-O Rfd8 13.Rbd1 a5 14.b3 Qc8 15.Rf2 e6
16.Bc1 c5 17.dxc5 dxc5 18.Qxd8+ Qxd8 19.Rxd8+ Rxd8 20.e5 Ne4 21.Nxe4 Bxe4
22.Rd2 Rc8 23.Kf2 c4 24.bxc4 Bf8 25.Ke3 Bc6 26.Rd3 Bc5+ 27.Nd4 Bxg2 28.Ba3 Bxa3
29.Rxa3 Bxh3 30.Rxa5 Bf1 31.Rc5 Bg2 32.a4 Kf8 33.a5 Ke7 34.a6 Kd7 35.Kf2 Be4
36.Ke3 Ba8 37.Kf2 Bh1 38.Ra5 Rb8 39.a7 Ra8 40.c5 Bd5 41.Ra4 Bb7 42.c4 c6
43.Nf3 h6 44.Nd2 Ke7 45.Ne4 Bc8 46.Ra5 Bd7 47.Nc3  1-0

[Event "Moscow-ch"]
[Site "Moscow"]
[Date "1984.??.??"]
[Round "?"]
[White "Kuzmin, Alexey"]
[Black "Belov, Lev A"]
[Result "1-0"]
[WhiteElo "2365"]
[BlackElo "2385"]

1.e4 g6 2.d4 Bg7 3.Nc3 d6 4.Be2 Nf6 5.Nf3 O-O 6.O-O c5 7.d5 Na6 8.Bf4 Nc7
9.a4 Bg4 10.h3 Bxf3 11.Bxf3 Nd7 12.Re1 a6 13.Be2 b6 14.Qd2 Re8 15.Bf1 Rb8
16.Rab1 Qc8 17.b4 Ne5 18.bxc5 bxc5 19.Rxb8 Qxb8 20.Rb1 Qa7 21.Nd1 Rb8 22.Rb3 Rxb3
23.cxb3 Qb6 24.Qc2 h5 25.Nb2 Qb7 26.Nc4 Nxc4 27.Bxc4 Qb4 28.Bd2 Qb6 29.Qd1 Bd4
30.h4 Ne8 31.Kf1 Nf6 32.f3 Nd7 33.f4 Nf6 34.Qe2 Ng4 35.g3 Qb7 36.Kg2 Kh7
37.Qf3 Qc8 38.Qe2 Nf2 39.f5 Qb7 40.Qf3 Kg8 41.e5 Ng4 42.fxg6 fxg6 43.e6 Bf6
44.Qe4 Kh7 45.Bd3 Ne5 46.Bc2 Qa8 47.Bf4 Qe8 48.Qe2 Ng4 49.Qxa6 Be5 50.Bg5 Qf8
51.Qf1 Bf6 52.Bd2 Qg7 53.Qf3 Bd4 54.Qf7 Ne5 55.Qxg7+ Kxg7 56.Bg5 Ng4 57.Be4 Nf6
58.Bf3 Bc3 59.Kf2 Ba5 60.Ke2 Kf8 61.Kd3 Be1 62.Kc4 Ke8 63.Kb5 Kd8 64.Bxf6 exf6
65.a5 c4 66.bxc4 Bxg3 67.a6 Bf2 68.Kc6  1-0

[Event "Neskaupstad"]
[Site "Neskaupstad"]
[Date "1984.??.??"]
[Round "?"]
[White "Sigurjonsson, Gudmundur"]
[Black "Wedberg, Tom"]
[Result "1/2-1/2"]
[WhiteElo "2470"]
[BlackElo "2495"]

1.e4 g6 2.d4 d6 3.Nc3 Bg7 4.f4 Nf6 5.Nf3 O-O 6.Be3 Nbd7 7.Qd2 c5 8.dxc5 Nxc5
9.Bxc5 dxc5 10.O-O-O Qxd2+ 11.Rxd2 Bg4 12.Ne5 Be6 13.Be2 Rfd8 14.Rhd1 Rxd2
15.Rxd2 Ne8 16.Nd5 Bf8 17.Bf3 Rc8 18.Nc4 b5 19.Nce3 f6 20.g3 Kf7 21.h4 Nd6
22.g4 Bxd5 23.Rxd5 e6 24.Rd1 Ke7 25.c3 Nf7 26.Kc2  1/2-1/2

[Event "Neskaupstad"]
[Site "Neskaupstad"]
[Date "1984.??.??"]
[Round "?"]
[White "Sigurjonsson, Gudmundur"]
[Black "Lombardy, William James"]
[Result "1/2-1/2"]
[WhiteElo "2470"]
[BlackElo "2505"]

1.e4 g6 2.d4 Bg7 3.Nc3 d6 4.f4 a6 5.Nf3 b5 6.Bd3 Bb7 7.Qe2 b4 8.Nd1 Nc6 9.c3 e6
10.O-O Nge7 11.Nf2 O-O 12.Bd2 Qd7 13.Rae1 bxc3 14.bxc3 Rae8 15.Rb1 Bc8 16.Rb2 f6
17.Rd1 h6 18.e5 f5 19.Bc2 Rd8 20.Nd3 Qe8 21.Be1 Kh8 22.Bh4 dxe5 23.dxe5 Na5
24.Qe1 Rd5 25.Rb4 Nec6 26.Ra4 Nb7 27.c4 Ra5 28.Rxa5 Ncxa5 29.Qb4 Qc6 30.c5 Qb5
31.Qxb5 axb5  1/2-1/2

[Event "New York op"]
[Site "New York"]
[Date "1984.??.??"]
[Round "5"]
[White "Sharif, Mershad"]
[Black "Yoffie, Marc"]
[Result "1/2-1/2"]
[WhiteElo "2440"]
[BlackElo "2355"]

1.e4 g6 2.d4 Bg7 3.Nc3 d6 4.Be3 Nf6 5.Qd2 c6 6.Bh6 Bxh6 7.Qxh6 Qa5 8.Bd3 Nbd7
9.Nf3 Nb6 10.O-O Qh5 11.Qe3 O-O 12.Ne2 Ng4 13.Qd2 Qh6 14.h3 Qxd2 15.Nxd2 Nh6
16.a4 d5 17.a5 dxe4 18.Bxe4 Nd5 19.c3 Bf5 20.Ng3 Rfd8 21.Nxf5 Nxf5 22.Rfe1 e6
23.g3 Rac8 24.Nb3 Nd6 25.Bg2 Rc7 26.Ra4 h5 27.h4 Kf8 28.Nc5 Kg8 29.Nd3 Nf5
30.Ne5 Kg7 31.Raa1 Rh8 32.Rad1  1/2-1/2

[Event "NZD-ch"]
[Site "?"]
[Date "1984.??.??"]
[Round "?"]
[White "Garbett, Paul Anthony"]
[Black "Gollogly, David"]
[Result "1-0"]
[WhiteElo "2310"]
[BlackElo "2240"]

1.e4 g6 2.d4 Bg7 3.Nc3 d6 4.Nge2 c6 5.g3 b5 6.a3 Nf6 7.Bg2 a6 8.O-O O-O 9.h3 Qc7
10.Be3 Nbd7 11.f4 Bb7 12.Qe1 e5 13.dxe5 dxe5 14.f5 a5 15.g4 b4 16.g5 bxc3
17.gxf6 Nxf6 18.Nxc3 Ba6 19.Rf2 Nh5 20.Bc5 Rfd8 21.Qe3 Rab8 22.Na4 Rd7 23.Bb6 Qd6
24.Nc5 Rxb6 25.Nxd7 Rxb2 26.Rd2 Qc7 27.Rad1 Nf4 28.Nc5 Qb6 29.Rd8+  1-0

[Event "CAN-ch"]
[Site "Ottawa"]
[Date "1984.??.??"]
[Round "1"]
[White "Baragar, Fletcher"]
[Black "Horton, Joe"]
[Result "1-0"]
[WhiteElo "2280"]
[BlackElo "2200"]

1.d4 g6 2.e4 Bg7 3.Nc3 d6 4.Nf3 Nd7 5.Be2 e5 6.O-O Ne7 7.dxe5 Nxe5 8.Nxe5 Bxe5
9.Bh6 Ng8 10.Be3 Ne7 11.Qd2 O-O 12.Bg5 Bg7 13.Rad1 Be6 14.f4 f6 15.Bh4 Qd7
16.Bb5 Qd8 17.Ne2 c6 18.Qxd6 Bxa2 19.Qa3 Qb6+ 20.Bf2 Qxb5 21.Qxa2+ Kh8 22.Nd4 Qh5
23.Ne6 Rfe8 24.Rd7 Qb5 25.Nc7 Qb4 26.Nxe8 Rxe8 27.Qf7  1-0

[Event "CAN-ch"]
[Site "Ottawa"]
[Date "1984.??.??"]
[Round "3"]
[White "Kopec, Danny"]
[Black "Horton, Joe"]
[Result "1-0"]
[WhiteElo "2390"]
[BlackElo "2200"]

1.e4 g6 2.d4 Bg7 3.Nc3 d6 4.f4 c5 5.dxc5 dxc5 6.Qxd8+ Kxd8 7.e5 Nc6 8.Be3 b6
9.O-O-O+ Kc7 10.Nf3 Nh6 11.Nd5+ Kb7 12.g3 Bf5 13.Bg2 Be4 14.Nc3 Bf5 15.h3 Rad8
16.g4 Bc8 17.Nd2 Rd7 18.a4 Rdd8 19.a5 Bd7 20.Nb3 c4 21.Nd2 Be6 22.a6+  1-0

[Event "CAN-ch+"]
[Site "Ottawa"]
[Date "1984.??.??"]
[Round "3"]
[White "Zuk, Robert D"]
[Black "Berry, Jonathan"]
[Result "1/2-1/2"]
[WhiteElo "2200"]
[BlackElo "2290"]

1.e4 g6 2.d4 d6 3.Nc3 Bg7 4.Nf3 a6 5.a4 b6 6.Bc4 e6 7.O-O Bb7 8.Re1 Ne7 9.Bf4 Nd7
10.Qd2 O-O 11.Bh6 Nf6 12.Bf1 c5 13.Bxg7 Kxg7 14.Rad1 d5 15.exd5 Nfxd5 16.dxc5 bxc5
17.Nxd5 Nxd5 18.Ne5 Qe7 19.a5 Rfd8 20.g3 h5 21.Bg2 Rab8 22.b3 g5 23.Qc1 f6
24.Nc4 Nc3 25.Rxd8 Rxd8 26.Bxb7 Qxb7 27.Qe3 Nb5 28.Qxe6 Nd4 29.Qe7+ Qxe7
30.Rxe7+ Kf8 31.Ra7 Nxc2 32.Kf1 Nb4 33.Ke2 Re8+ 34.Kf3 g4+ 35.Kg2 Re7 36.Ra8+ Kf7
37.Ne3 Rd7 38.Rc8 Rd2 39.Rxc5 Nd3 40.Rxh5 Rxf2+ 41.Kg1 Rb2 42.Nxg4 Kg6 43.Rd5 Rxb3
44.Rd6 Kf5 45.Nxf6 Rb1+ 46.Kg2 Rb2+ 47.Kf1 Rf2+ 48.Kg1 Rd2 49.Kf1 Rf2+ 50.Kg1 Rd2
51.Kf1 Rf2+ 52.Kg1  1/2-1/2

[Event "CAN-ch"]
[Site "Ottawa"]
[Date "1984.??.??"]
[Round "5"]
[White "Hawkes, Rob"]
[Black "Horton, Joe"]
[Result "1-0"]
[WhiteElo "2365"]
[BlackElo "2200"]

1.e4 g6 2.d4 Bg7 3.Nc3 d6 4.Be3 Nf6 5.f3 O-O 6.Bc4 e6 7.Bb3 Qe7 8.Nge2 c5
9.Qd2 Nc6 10.O-O b6 11.a4 Ba6 12.Nb5 Rfd8 13.Rfd1 Rac8 14.Bg5 Bxb5 15.axb5 Nxd4
16.Nxd4 cxd4 17.Qxd4 Rc5 18.Bd2 Nh5 19.Qf2 Bxb2 20.Ra2 Bg7 21.c4 d5 22.Bb4 dxc4
23.Ba4 Nf4 24.Rxd8+ Qxd8 25.Bxc5 bxc5 26.Kh1 Bd4 27.Qf1 Nd3 28.g3 Qa5 29.Qb1 Nb2
30.Bc2 Qc3 31.Kg2 Qd2+ 32.Kh3 Qh6+ 33.Kg2 Qd2+ 34.Kh3 Nd3 35.Bxd3 Qxd3 36.Qc2 Qxf3
37.Qxc4 Qxe4 38.Re2 Qf5+ 39.Kg2 Qd5+ 40.Qxd5 exd5 41.Re7 c4 42.Rd7 c3 43.Rxd5 Be3
44.Rd8+ Kg7 45.Rc8 Bd4 46.Kf3 f5 47.Rc7+ Kh6 48.Ke2 Bg1 49.Rxc3 Bxh2 50.Kf2 f4
51.Kg2 Bxg3 52.Rc7 Kh5 53.Rxh7+ Kg4 54.Rxa7 f3+ 55.Kf1 g5 56.b6 Bd6 57.Rd7 Be5
58.Rd5 Bb8 59.Rd8 Be5 60.b7 Kg3 61.b8=Q Bxb8 62.Rxb8 g4 63.Rg8  1-0

[Event "CAN-ch"]
[Site "Ottawa"]
[Date "1984.??.??"]
[Round "10"]
[White "Findlay, Ian T"]
[Black "Horton, Joe"]
[Result "0-1"]
[WhiteElo "2305"]
[BlackElo "2200"]

1.e4 g6 2.d4 Bg7 3.Nc3 d6 4.Nf3 a6 5.Be2 b5 6.a4 b4 7.Nd5 Bb7 8.O-O e6 9.Nxb4 a5
10.Na2 Bxe4 11.Nc3 Bb7 12.d5 e5 13.Nd2 Ne7 14.Nc4 O-O 15.Ra3 Nd7 16.Ne3 f5
17.f4 exf4 18.Rxf4 Nb6 19.Rb3 Kh8 20.g3 g5 21.Rf2 f4 22.gxf4 gxf4 23.Ng2 Nexd5
24.Nxd5 Bxd5 25.Rxb6 Bxg2 26.Rb3 Bc6 27.Bxf4 Qh4 28.Qd2 Rae8 29.Bb5 Bxb5
30.axb5 Re4 31.Bg3 Rxf2 32.Kxf2 Qf6+ 33.Rf3 Qxb2 34.Qxa5 Qxc2+ 35.Kf1 Qe2+  0-1

[Event "Plovdiv"]
[Site "Plovdiv"]
[Date "1984.??.??"]
[Round "10"]
[White "Lukin, Andrei M"]
[Black "Peev, Peicho Chonev"]
[Result "1-0"]
[WhiteElo "2470"]
[BlackElo "2405"]

1.e4 g6 2.d4 Bg7 3.Nc3 d6 4.Nf3 c6 5.Be2 Qc7 6.Bg5 Nd7 7.Qd2 Ngf6 8.Bh6 O-O
9.h4 e5 10.h5 Bxh6 11.Qxh6 Ng4 12.Qd2 Ndf6 13.Ng5 exd4 14.Qxd4 Qb6 15.Qxb6 axb6
16.hxg6 fxg6 17.Bxg4 Bxg4 18.f3 Ra5 19.Nxh7 Nxh7 20.fxg4 Rg5 21.O-O-O Rf6
22.Rhe1 Re6 23.Rd4 Rxg4 24.Red1 Rxg2 25.Rxd6 Kf7 26.Rd8 Nf6 27.Rb8 Re7 28.Na4 Nxe4
29.Nxb6 Nc5 30.b4 Na6 31.Rh8 Kg7 32.Rh4 g5 33.Rc4 Nc7 34.Nc8 Rf7 35.Nd6 Rf4
36.Rxf4 gxf4 37.Nxb7 Nd5 38.Rf1 Kf6 39.Nc5 Kg5 40.Nd3 Ne3 41.Rf2 Rg1+ 42.Kd2 Rd1+
43.Kc3 Nd5+ 44.Kc4 Kf5 45.Kc5  1-0

[Event "BUL-ch"]
[Site "Sofia"]
[Date "1984.??.??"]
[Round "?"]
[White "Antonov, Vladimir"]
[Black "Lukov, Valentin"]
[Result "1/2-1/2"]
[WhiteElo "2365"]
[BlackElo "2430"]

1.e4 g6 2.d4 Bg7 3.Nc3 d6 4.Nf3 Nf6 5.Be2 O-O 6.h3 Nc6 7.O-O e5 8.dxe5 Nxe5
9.Nxe5 dxe5 10.Qxd8 Rxd8 11.Bg5 c6 12.Rfd1 Be6 13.Rxd8+ Rxd8 14.Rd1 Rxd1+
15.Bxd1 Nd7 16.Be2 Bf6  1/2-1/2

[Event "Tatran Cup"]
[Site "Stary Smokovec"]
[Date "1984.??.??"]
[Round "10"]
[White "Banas, Jan"]
[Black "Petrik, Karol"]
[Result "1-0"]
[WhiteElo "2400"]
[BlackElo "2305"]

1.e4 g6 2.d4 Bg7 3.Nc3 d6 4.f4 c6 5.Nf3 Bg4 6.Be3 Qb6 7.Qd3 Bxf3 8.gxf3 Nd7
9.O-O-O Qa5 10.Kb1 O-O-O 11.h4 Ngf6 12.Bh3 Kb8 13.f5 gxf5 14.Bxf5 e6 15.Bh3 Ka8
16.Rhg1 Bf8 17.Rg5 Qc7 18.f4 h6 19.Rgg1 Be7 20.Rg7 Rdf8 21.Bxe6 Qd8 22.Rxf7 Rxf7
23.Bxf7 Ng4 24.h5 Nxe3 25.Qxe3 Qf8 26.Bg6 Qd8 27.d5 Qc7 28.e5 Nb6 29.dxc6 bxc6
30.exd6 Bxd6 31.Qd4 Rd8 32.Qe4 Kb8 33.Be8 Rc8 34.a4 Bxf4 35.a5 Nc4 36.Qxc4 Rxe8
37.Nb5 Qe5 38.Nd6  1-0

[Event "CSR-ch"]
[Site "Sumperk"]
[Date "1984.??.??"]
[Round "5"]
[White "Mokry, Karel"]
[Black "Pastircak, Milan"]
[Result "1/2-1/2"]
[WhiteElo "2435"]
[BlackElo "2230"]

1.e4 g6 2.d4 Bg7 3.Nc3 d6 4.Be3 a6 5.a4 Nf6 6.f3 O-O 7.Bc4 Nc6 8.Nge2 b6
9.Qd2 Na5 10.Ba2 c5  1/2-1/2

[Event "CSR-ch"]
[Site "Sumperk"]
[Date "1984.??.??"]
[Round "12"]
[White "Plachetka, Jan"]
[Black "Tibensky, Robert"]
[Result "1-0"]
[WhiteElo "2440"]
[BlackElo "2330"]

1.d4 g6 2.e4 Bg7 3.Nc3 d6 4.Be3 a6 5.Qd2 b5 6.f3 Nd7 7.Nd1 c5 8.c3 Qc7 9.a4 Rb8
10.axb5 axb5 11.b4 c4 12.Ne2 e6 13.g4 h6 14.Ng3 Ne7 15.Bg2 f6 16.O-O h5 17.gxh5 gxh5
18.Bh3 Nf8 19.Kh1 Nfg6 20.Ne2 Kf7 21.Rg1 Bd7 22.Nf4 Nxf4 23.Bxf4 Bf8 24.Nf2 Ng6
25.Be3 d5 26.e5 fxe5 27.dxe5 Be7 28.Bd4 Qc8 29.Bf1 Ra8 30.Rxa8 Qxa8 31.Nh3 Qf8
32.Be2 Qh6 33.Be3 Qh7 34.Qd4 Ra8 35.Ng5+ Bxg5 36.Bxg5 Ra2 37.Bd1 Qh8 38.Bf6 Qh6
39.Bg5 Qh8 40.f4 Qf8 41.Bxh5  1-0

[Event "Thessaloniki ol (Women)"]
[Site "Thessaloniki"]
[Date "1984.??.??"]
[Round "3"]
[White "Walker, Susan"]
[Black "An Yangfeng"]
[Result "0-1"]
[WhiteElo "1945"]
[BlackElo "2065"]

1.e4 g6 2.d4 Bg7 3.Nc3 d6 4.Bc4 c6 5.Qf3 e6 6.Nge2 b5 7.Bb3 Ne7 8.h4 h5 9.Bg5 Nd7
10.O-O-O a5 11.e5 d5 12.a4 b4 13.Nb1 c5 14.Rhe1 Qc7 15.Bxe7 Kxe7 16.Nd2 Ba6
17.Bxd5 Bxe2 18.Qxe2 exd5 19.e6 Nf6 20.Nf3 Ne4 21.dxc5 fxe6 22.Nd4 Qf4+ 23.Kb1 Bxd4
24.Rxd4 Qf6 25.Red1 Rhc8 26.Qb5 Nxc5 27.g3 Qxf2 28.Rf4 Qe3 29.Rdf1 b3 30.cxb3 Rab8  0-1

[Event "Thessaloniki ol (Women)"]
[Site "Thessaloniki"]
[Date "1984.??.??"]
[Round "4"]
[White "Fridthjofsdottir, Sigurlaug"]
[Black "Mott McGrath, Marion"]
[Result "1-0"]
[WhiteElo "1805"]
[BlackElo "1975"]

1.e4 g6 2.d4 Bg7 3.Nc3 d6 4.f4 Nc6 5.Nf3 Bg4 6.Be3 Bxf3 7.gxf3 d5 8.e5 e6
9.Qd2 Nh6 10.O-O-O Nf5 11.Kb1 Bf8 12.Bf2 Bb4 13.a3 Ba5 14.Bh3 Ng7 15.Qd3 Nh5
16.Ne2 Bb6 17.Rhg1 Na5 18.f5 exf5 19.Bxf5 Ng7 20.Bh3 Nc4 21.f4 O-O 22.f5 Qe8
23.Be3 Qb5 24.Bc1 c5 25.Ka2 cxd4 26.f6 Ne8 27.Nxd4 Qc5 28.Nf3 d4 29.Rg5 Qd5
30.e6 Ne5+ 31.b3 Nxd3 32.Rxd5 Nxf6 33.exf7+ Kg7 34.Rxd3 Nxd5 35.Ng5 Nc7 36.Bf4 h6
37.Be5+  1-0

[Event "Thessaloniki ol (Women)"]
[Site "Thessaloniki"]
[Date "1984.??.??"]
[Round "4"]
[White "Jezierska, Ivona"]
[Black "Nika, Katerina"]
[Result "1-0"]
[WhiteElo "1970"]
[BlackElo "1985"]

1.e4 g6 2.d4 Bg7 3.Nc3 d6 4.Nf3 Nf6 5.Be2 O-O 6.O-O Bg4 7.Be3 Nc6 8.d5 Nb8
9.h3 Bxf3 10.Bxf3 c6 11.Qd2 Nbd7 12.dxc6 bxc6 13.Rad1 Nb6 14.b3 Qc7 15.Rfe1 Rfd8
16.Bg5 Nbd7 17.g3 Nc5 18.Qe3 e5 19.Ne2 Qa5 20.a4 Qb4 21.Qc3 Qb6 22.Be3 a5
23.Nc1 Nfd7 24.Rxd6 Bf8 25.Rd2 Qc7 26.Red1 Ne6 27.Na2 h5 28.Bg2 Be7 29.h4 Kg7
30.Bh3 Rac8 31.Bxe6 fxe6 32.Qc4 Kf7 33.Bg5 Nb6 34.Qc3 Bxg5 35.hxg5 Nd7 36.Rd6 c5
37.Qd2 Ke7 38.Nc3 Qb7 39.Qe3 c4 40.Nb5 cxb3 41.cxb3 Ra8 42.Qf3  1-0

[Event "Thessaloniki ol (Women)"]
[Site "Thessaloniki"]
[Date "1984.??.??"]
[Round "4"]
[White "Savova, Stefka"]
[Black "An Yangfeng"]
[Result "1-0"]
[WhiteElo "2105"]
[BlackElo "2065"]

1.e4 g6 2.d4 Bg7 3.Nc3 d6 4.Be3 a6 5.Qd2 b5 6.f3 Nd7 7.h4 h5 8.Nh3 Bb7 9.Ng5 Rc8
10.O-O-O c5 11.e5 dxe5 12.dxe5 Bxe5 13.Nxf7 Kxf7 14.Qxd7 Qc7 15.Qxc7 Bxc7
16.a4 b4 17.Nd5 Nf6 18.Nxf6 Kxf6 19.Bg5+ Kf7 20.Bc4+ Ke8 21.Rhe1 Rh7 22.Re6 Rd8
23.Rxg6 Rxd1+ 24.Kxd1 Bd6 25.Be6 Rh8 26.Rg8+ Rxg8 27.Bxg8 a5 28.Be6 Kf8 29.Bh6+ Ke8
30.b3 Bg3 31.Be3 Bd6 32.Ke2 Kd8 33.Bf7 Kc7 34.Bxh5 Bg3 35.Bf2 Ba6+ 36.Ke1 Bd6
37.Bg6 c4 38.h5 c3 39.g3 Be5 40.h6 Kd6 41.f4 Bh8 42.Ba7 e5 43.Bb8+  1-0

[Event "Thessaloniki ol (Women)"]
[Site "Thessaloniki"]
[Date "1984.??.??"]
[Round "6"]
[White "Jackson, Sheila"]
[Black "Ivanka Budinsky, Maria"]
[Result "1/2-1/2"]
[WhiteElo "2190"]
[BlackElo "2255"]

1.e4 g6 2.d4 Bg7 3.Nc3 d6 4.Nf3 Nf6 5.Be2 O-O 6.O-O a6 7.a4 Nc6 8.h3 e5 9.Be3 h6
10.Qd2 Kh7 11.Rad1 Qe7 12.d5 Nd8 13.Nh2 Ng8 14.Rde1 f5 15.exf5 Bxf5 16.f4 Nf7
17.Nf3 Rae8 18.Bd1 Qd8 19.b3 Nf6 20.fxe5 dxe5 21.Bc5 Rg8 22.Nh4 Ne4 23.Nxe4 Qxh4
24.Bf3 Qd8 25.Ng3 Nd6 26.Ne4 Rgf8 27.c4 Rf7 28.Qe2 Ref8 29.Qe3  1/2-1/2

[Event "Thessaloniki ol (Women)"]
[Site "Thessaloniki"]
[Date "1984.??.??"]
[Round "10"]
[White "Polihroniade, Elisabeta"]
[Black "An Yangfeng"]
[Result "0-1"]
[WhiteElo "2165"]
[BlackElo "2065"]

1.e4 g6 2.d4 Bg7 3.Nc3 d6 4.Bc4 c6 5.Qf3 e6 6.Bf4 Nd7 7.Nge2 Qe7 8.O-O-O e5
9.Be3 Ngf6 10.d5 O-O 11.Bg5 a5 12.dxc6 bxc6 13.Na4 h6 14.Bh4 Rb8 15.Bb3 Ba6
16.g4 g5 17.Bg3 d5 18.exd5 cxd5 19.Nec3 d4 20.Nd5 Nxd5 21.Bxd5 Nf6 22.Rhe1 Nxd5
23.Qxd5 Qb4 24.Qb3 Qd6 25.Qa3 Qxa3 26.bxa3 Rb5 27.Rd3 Rc8 28.Rb3 f6 29.Kb2 Bf8
30.f3 Rc6 31.Re4 Rxb3+ 32.axb3 Bb5 33.Be1 Ra6 34.Ka2 Bc6 35.Nb2 Bxe4 36.fxe4 Rc6
37.Nc4 a4 38.Kb2 Kf7 39.Na5 Rb6 40.Nc4 Ra6 41.b4 Rc6 42.Na5 Rc8 43.c3 dxc3+
44.Bxc3 Be7 45.Kc2 Ke6 46.Kd3 Kd7 47.Nc4 Kc6 48.Ne3 Kb5 49.Nd5 Rd8 50.Be1 Rd7
51.Bf2 Bd8 52.Bc5 h5 53.h3 hxg4 54.hxg4 Rh7 55.Nc3+ Kc6 56.Nxa4 Rh4 57.Kc4 Rxg4
58.b5+ Kb7 59.Nc3 Rg2 60.Nd5 Rc2+ 61.Kb4 g4 62.Be3 g3 63.a4 g2 64.a5 Rb2+
65.Kc5 Bxa5 66.Kd6 Rd2 67.Ke7 Rd3 68.Bf2 f5 69.Ke6 Rxd5 70.exd5 Bb6  0-1